| 000 | 00758 a2200289 4500 | ||
|---|---|---|---|
| 001 | 113074 | ||
| 020 | _a9780545620222 | ||
| 041 | _apor | ||
| 090 | _aYear 9 [Fic] | ||
| 092 | _a2004094881 | ||
| 100 | _aBenevento, Joe. | ||
| 250 | _a. ed. | ||
| 300 | _a155 p. | ||
| 697 | _aInterracial dating - Fiction. | ||
| 697 | _aNineteen seventies - Fiction. | ||
| 697 | _aRacism | ||
| 697 | _aRacism - Fiction. | ||
| 697 | _aNineteen seventies | ||
| 697 | _aQueens (New York, N.Y.) | ||
| 697 | _aQueens (New York, N.Y.) - Fiction. | ||
| 697 | _aInterracial dating | ||
| 856 | _u00000c/00000c9b.jpeg | ||
| 040 |
_aBR-BrIDEA _cBR-BrIDEA |
||
| 245 | 1 | 0 |
_aThe odd squad _c Joe Benevento |
| 260 |
_a[S.l.] _bBehler Publications _c2005 |
||
| 942 | _cBK | ||
| 999 |
_c113074 _d113074 |
||